Miasta województwa Lubuskiego według opisu - Statystyki

Ogólne statystyki
  • Ten quiz został rozwiązany 48 razy
  • Średni wynik to 6 z 11
Statystyki odpowiedzi
Opis Miasto % Poprawnych
Zajduje się tam port lotniczy Babimost
87%
W tym mieście można znaleźć 36 metrową figurę Jezusa Świebodzin
87%
Znajduje się tam Klub Sprotavia Szprotawa
74%
Miasto leżące niedaleko Jeziora Głębokie, podobna nazwa do Międzychód Międzyrzecz
69%
Założone przez członka wspólnoty braci polskich, Jana Jerzego Szlichtynga Szlichtyngowa
59%
Z języka niemieckiego Landsberg an der Warthe Gorzów Wielkopolski
56%
W XIX w. zbudowano linie kolejowe i stację kolejową, łącząc miasto z Gubinem i Czerwieńskiem. Jego nazwa odnosi się do rzeki Odry Krosno Odrzańskie
54%
Trzecie pod względem liczby mieszkańców miasto w trójmieście Lubuskim Sulechów
54%
Leży w Wale Trzebnickim, historycznie na skraju dolnego śląska, miast powiatowe Nowa Sól
33%
Tuż po wojnie nazwa tego miasta brzmiała Białobrzezie Bytom Odrzański
13%
Pomnik południka 15°E znajduje się w tym mieście, a jego historia sięga okolic X i XI wieku Jasień
8%
Nie znaleziono quizów pasujących do podanych kryteriów
Rozkład punktacji
Procent ludzi z każdym wynikiem
Percentyl według liczby udzielonych odpowiedzi
Twoja historia wyników
Nie rozwiązałeś tego quizu